00391nam a2200121Ia 4500008004100000041000800041082001500049100002800064245008400092260003100176300001900207520004300226240719s9999 xx 000 0 und d aeng a670.68 SCH aSchonberger, J. Richard aWorld Class Manufacturing The Next Decade : Building Power, Strength, And Value aNew YorkbFree Pressc1996 a275.; P. 24 Cm aGifted By : IMT Faculty Dr. Pawan Jain